Elementos políticos y estratégicos en las decisiones de política pública.

Saved in:
Bibliographic Details
Corporate Author: Cuerpo Académico ANEPE (autor)
Format: Book
Published: Santiago, Chile: Academia Nacional de Estudios Políticos y Estratégicos, 2018.
Series:Colección de Investigaciones ANEPE
Subjects:
Online Access:Disponible Online - ANEPE
Tags: Add Tag
No Tags, Be the first to tag this record!

MARC

LEADER 00000nam a22000007a 4500
003 CL-VaPUC
005 20230306113757.0
008 230126t2018 ||||| |||| 00| 0 eng d
999 |c 439969  |d 439967 
020 |a 978-956-8478-00-1 (Nº41) 
020 |a 978-9568478-00-1 (obra completa) 
040 |c Pontificia Universidad Católica de Valparaíso 
082 0 4 |2 22  |a 355.03 CUE 2018 
110 1 |a Cuerpo Académico ANEPE  |e autor  |9 880162 
245 1 0 |a Elementos políticos y estratégicos en las decisiones de política pública. 
260 |a Santiago, Chile:  |b Academia Nacional de Estudios Políticos y Estratégicos,  |c 2018. 
300 |a 362 páginas. 
490 0 |a Colección de Investigaciones ANEPE  |n  41. 
500 |a c.1 Donación Rectoria Diciembre 2022 
583 |c 20230126  |k Catalogador Asistente 
650 1 |a Políticas públicas  |x Seguridad nacional  |9 880277 
650 1 |a Políticas públicas  |x Defensa nacional  |9 880278 
650 1 |a Relaciones exteriores  |x Seguridad Nacional  |9 880279 
650 1 |a Crimen organizado  |z Chile  |9 880280 
650 1 |a Toma de decisiones  |v Inteligencia militar  |9 880281 
856 |u https://anepe.cl/wp-content/uploads/2020/10/LIBRO-ANEPE-41.pdf  |y Disponible Online - ANEPE 
942 |2 ddc  |c BK 
952 |0 0  |1 0  |2 ddc  |4 0  |6 355_030000000000000_CUE_2018  |7 0  |8 A  |9 588757  |a BIBDER  |b BIBDER  |c GEN  |d 2023-01-26  |e Donación  |i 5656525  |o 355.03 CUE 2018  |p 5656525  |r 2023-01-26  |t 1  |w 2023-01-26  |y BK  |k DER